Natives of Sarawak : Survival in Borneo's vanishing forest

Bibliographic Details
Main Author: HONG
Corporate Author: Institut Masyarakat
Format: Book
Published: Pulau Pinang : Institut Masyarakat , 1987
Subjects:

MARC

LEADER 00000cam a2200000 7i4500
001 0000000269
005 20000726.0
020 0 0 |a 967996602X 
090 0 0 |a 305.89923059522   |b HON 1987 
100 1 0 |a HONG   |h Evelyne 
245 1 0 |a Natives of Sarawak :   |b Survival in Borneo's vanishing forest   |c Evelyne Hong 
260 0 0 |a Pulau Pinang :   |b Institut Masyarakat ,   |c 1987 
300 |a 265 p. :   |b photo, maps ;   |c 25 cm. 
500 0 0 |a Bibliography: [p. 239-248] and index 
650 0 0 |a Dyaks   |x Economic conditions 
650 0 0 |a Dyaks   |x Social life and customs 
650 0 0 |a Ethnology   |z Borneo 
650 0 0 |a Ethnology   |z Sarawak 
651 0 0 |a Sarawak   |x Economic conditions 
710 1 1 |a Institut Masyarakat   |q Malaysia 
999 |a 0000001446   |b Monograph   |c Open Shelf   |e Default branch